ბათუმის შოთა რუსთაველის სახელმწიფო უნივერსიტეტის ბიბლიოთეკა

დედა ენა : (ბიბ.ჩანაწერი № 58961)

000 -ლიდერი
ფიქსირებული სიგრძის საკონტროლო ველი 01260nam a22002297a 4500
003 - საკონტროლო ნომრის იდენტიფიკატორი
საკონტროლო ველი Ge_BSU
005 - ბოლო ოპერაციის თარიღი და დრო
საკონტროლო ველი 20221024165354.0
008 - ფიქსირებული სიგრძის მონაცემთა ელემენტები - ზოგადი ინფორმაცია
ფიქსირებული სიგრძის საკონტროლო ველი 221024s2018 ge ||||| |||| 00| 0 geo d
020 ## - წიგნის საერთაშორისო სტანდარტული ნომერი
International Standard Book Number 9789941294150
041 ## - ენის კოდი
Language code of text/sound track or separate title geo
080 ## - უნივერსალური ათობითი კლასიფიკაციის ინდექსი
Universal Decimal Classification number 821.353.1'351 დ-27
245 ## - ცნობა სათაურის შესახებ
Title დედა ენა :
Remainder of title სამი ანბანი /
Statement of responsibility, etc სარედაქციო ჯგუფი: სალომე ნიკოლეიშვილი, ლიკა თავართქილაძე, ნინო ბურჯანაძე [და სხვ.] ; მხატვარი ლევან სილაგაძე.
264 ## - წარმოების, გამოცემის, დისტრიბუციის და სხვა ცნობები
გამოცემის, წარმოების, დისტრიბუციის... ადგილი თბილისი :
გამოცემის, წარმოების, დისტრიბუციის... სახელწოდება პალიტრა L,
გამოცემის, წარმოების, დისტრიბუციის... თარიღი 2018.
300 ## - ფიზიკური აღწერა
Extent 96 გვ. :
Other physical details ილ. ;
Dimensions 20 სმ.
490 ## - სერიის ცნობა
Series statement მეგზური სიკეთის სამყაროში 9
653 ## - INDEX TERM--UNCONTROLLED
Uncontrolled term ქართული ანბანი
653 ## - INDEX TERM--UNCONTROLLED
Uncontrolled term ქართული დამწერლობა
653 ## - INDEX TERM--UNCONTROLLED
Uncontrolled term ქართული პროზა
700 ## - ADDED ENTRY--PERSONAL NAME
Personal name ნიკოლეიშვილი, სალომე.
Relator term რედაქტორი
9 (RLIN) 15501
700 ## - ADDED ENTRY--PERSONAL NAME
Personal name თავართქილაძე, ლიკა და სხვ
Relator term რედაქტორი
9 (RLIN) 15502
942 ## - ADDED ENTRY ELEMENTS (KOHA)
Source of classification or shelving scheme
Koha item type წიგნი
ეგზემპლარები
ჩამოწერის სტატუსი დაკარგული ეგზემპლარის სტატუსი კლასიფიკაციის წყარო ან თაროზე გაწყობის სქემა დაზიანების სტატუსი არ გაიცემა მუდმივი მდებარეობა (დაცვის ადგილი) ამჟამინდელი ადგილსამყოფელი თაროზე განთავსების ადგილი შეძენის თარიღი ღირებულება, შესყიდვის ნორმალური ფასი სრული შენახვის შიფრი შტრიხკოდი ბოლო ოპერაციის თარიღი ეგზემპლარის მიმდევრობითი ნომერი (კეტერი?) ფასის ძალაში შესვლის თარიღი ეგზემპლარის სახეობა საჯარო შენიშვნა
          ბათუმის შოთა რუსთაველის სახელმწიფო უნივერსიტეტის მთავარი ბიბლიოთეკა ბათუმის შოთა რუსთაველის სახელმწიფო უნივერსიტეტის მთავარი ბიბლიოთეკა წიგნსაცავი 2022-10-24 4.00 821.353.1'351 დ-27 28757 2022-10-24 28757 2022-10-24 წიგნი 4 ლ.